00877 2200205 4500001002100000005001500021008004100036035002000077082000800097084001400105100001700119245004100136250000600177260003800183300001200221520040400233650001000637990001200647990001200659INLIS00000000000097320240530100225240530 1 ind  a0010-0524000208 a813 a813 ANS c aWatra, Ansel1 aConcerto Al Malioboro /cAnsel Watra a1 aYogyakarta :bSheila/ Andi,c2012 a330 hlm alima anak muda menuntut ilmu di sebuah universitas swasta di Yogyakarta. Mereka seangkatan dan mengambil jurusan yang sama. Mereka adalah Kardiv asal Surabaya, Wawan asal Kediri, Astrid dan Vera sama-sama orang Solo, serta Widya yang asli Yogyakarta. Persahabatan mereka berawal ketika mereka berlima tergabung dalam sebuah kelompok tugas di salah satu kelas yang mereka ambil pada semester pertama. 4aFiksi a0741700 a0741701